000 01485cam a2200301 4500
008 031103n2003 000 0 eng u
020 _a0421794801
035 _a(Sirsi) u124219
041 _aeng
050 _a001.6026
_c18
100 _aJay, Rosemary
245 _aData protection
_blaw and practice
250 _a2nd ed.
260 _aLondon
_bSweet and Maxwell
_c2003
300 _alx, 836p.
_c26cm.
350 _a149
520 _aWritten for data protection practitioners, this fully revised and extended second edition is the essential work for anyone concerned with this area of law. Explains the background to the legislation and gives guidance on how to approach interpretation. Provides detailed coverage of the relationship between data protection, the right to private life under the Human Rights Convention and the development of UK case law on privacy rights since October 2000. Looks forward to the new rights of access to information to be introduced under the Freedom of Information Act 2000 and the relation between those and the protection of personal privacy. Table of cases, UK and European legislation.
520 _asupersedes first edition (ISBN 0752006231)
650 _aDATA PROTECTION
650 _aDATA PROTECTION ACT 1998
650 _aDATA PROTECTION ACT 1984
650 _aFREEDOM OF INFORMATION ACT 2000
650 _aPERSONAL DATA
650 _aTELECOMMUNICATIONS
690 _aLAW
700 _aHamilton, Angus
942 _n0
999 _c103178
_d103178